| 000 | 00849cab a2200229 4500 | ||
|---|---|---|---|
| 001 | ABS37598 | ||
| 008 | 090401t1987 xxu||||| |||| 00| 0 eng d | ||
| 035 | _a(Sirsi) u5467 | ||
| 041 | _aeng | ||
| 100 | _aLamb, D. | ||
| 245 | 4 | _aThe RPI: the full story | |
| 260 | _c1987 | ||
| 350 | _a0 | ||
| 490 |
_aMoney Management _vApril 1987, 85-94(6) |
||
| 520 | _aWith the rebasing of the Retail Price Index to January 1987 and the inclusion of new elements this special report explains how the index works, assesses the impact of its movements on the savings and investment market, outlines criticisms of the index and indicates the possible direction of future changes. | ||
| 650 | _aCOST OF LIVING INDEX | ||
| 650 | _aINFLATION RATE | ||
| 650 | _aMORTGAGE INTEREST RATES | ||
| 690 | _aECONOMIC AND SOCIAL | ||
| 942 | _n0 | ||
| 948 | _c04/03/1997 | ||
| 999 |
_c3253 _d3253 |
||